Slovenský plynárenský priemysel výročná správa za rok 2001

Salvato in:
Dettagli Bibliografici
Natura: Libro
Lingua:slovacco
Pubblicazione: Bratislava Slovenský plynárenský priemysel, a. s. [2002]
Soggetti:
Tags: Aggiungi Tag
Nessun Tag, puoi essere il primo ad aggiungerne!!

MARC

LEADER 00000nam$a2200000$$$4500
001 0003902
005 20240108123743.9
041 0 |a slo 
044 |a SK 
245 1 0 |a Slovenský plynárenský priemysel  |b výročná správa za rok 2001 
264 1 |a Bratislava  |b Slovenský plynárenský priemysel, a. s.  |c [2002] 
300 |a 49 s.  |e 1 CD-ROM 
610 2 0 |a plyn 
610 2 0 |a priemysel plynárenský 
610 2 0 |a predstavenstvo 
610 2 0 |a rady dozorné 
610 2 0 |a štruktúra organizačná 
610 2 0 |a výkony podnikové 
610 2 0 |a štruktúra kapitálová 
610 2 0 |a plyn zemný 
610 2 0 |a preprava 
610 2 0 |a nákup 
610 2 0 |a predaj 
610 2 0 |a zdroje ľudské 
610 2 0 |a výsledok hospodársky 
610 2 0 |a ochrana prostredia životného 
610 2 0 |a stratégia podniková 
610 2 0 |a audit 
610 2 0 |a výkazy účtovné konsolidované